Les principaux événements de la Première Guerre Mondiale - Statistiques

Statistiques générales
  • Ce quiz a été pris 80 fois
  • Le résultat moyen est 4 sur 10
Statistiques - réponses
Hint Réponse % Correct
Février - Décembre 1916 Bataille de Verdun
87%
6-13 septembre 1914 Bataille de la Marne
57%
28 juin 1914 Assassinat de François Ferdinand
56%
Juillet- Novembre 1916 Bataille de la Somme
51%
11 novembre 1918 Signature de l'Armistice
48%
28 juillet- 3 août 1914 Déclarations de guerre
31%
6 avril 1917 Entrée en guerre des États-Unis
21%
Août 1914 Bataille des frontières
7%
Juillet- Novembre 1918 Contre offensive alliée
3%
Mai-juin 1917 Mutineries, grèves
2%
Aucun quiz correspondant
Distribution des résultats
% des personnes avec chaque résultat
Percentile par nombre de réponses
Votre historique - résultats
Vous n’avez pas pris ce quiz